000 00361pam a2200157 a 4500
020 _a9788123919218
_c
041 _h
082 _a614
_bGUP
100 _aGUPTA P.
245 _aT/B OF PREVENTIVE & SOCIAL MEDICINE
_hTextual Documents
250 _a3 ED.
260 _a[s.l]:
_bC.B.S.,
_c2010.
300 _a844:
_bXI;
_cPB.
930 _a4896
999 _c799424
_d799424
650 _aPSM